| 000 | 00717nam a2200205 4500 | ||
|---|---|---|---|
| 001 | 136418 | ||
| 003 | ES-MaACL | ||
| 005 | 20240516063045.0 | ||
| 007 | t| | ||
| 008 | 070214s1907 sp r ||||1| spa d | ||
| 100 | 0 |
_aRuskin, John, _d1819-1900 _9101026 |
|
| 245 | 1 | 3 |
_aLa Biblia de Amiens _b: bosquejo de la historia del Cristianismo / _cpor John Ruskin ; traducción de M. Giges Aparicio. |
| 260 |
_aMadrid : _bDaniel Jorro, _c1907 ( _fGinés Carrión) |
||
| 300 |
_a266 p. ; _c19 x 12 cm. |
||
| 490 | 1 | _aBiblioteca científico-filosófica | |
| 700 | 1 |
_aGiges Aparicio, M. _956705 |
|
| 830 | 0 |
_aBiblioteca científico-filosófica _9181885 |
|
| 852 |
_aES-MaACL _jF-5607 |
||
| 999 |
_c136418 _d136418 |
||